000 00526nam a2200181Ia 4500
008 100920s9999 xx 000 0 und d
082 _b89546
_a28 व 539 थ 67
100 _aपेंडसे शांता.
245 _aपाणी.
260 _bव्हीनस प्रकाशन,पुणे.
_c1967
300 _a28
_bसाधी
365 _b0.6
520 _aबा.वि.शाआ.
630 _aपाणी.
650 _aबा.वि.शाआ.
730 _aपाणी.
942 _cBOOK
999 _c730042
_d730039